000 01093nam a2200205 a 4500
005 20260322212041.0
008 data
050 0 _aRA784
099 _aDVD WD 210 F663
110 2 _aFilms for the Humanities & Sciences (Firm)
245 1 0 _aFood and obesity :
_bwhat we eat /
_cFilms for the Humanities & Sciences (Firm).
246 _aWhat we eat
260 _aPrinceton, NJ :
_bFilms for the Humanities & Sciences,
_c2007, 2006
300 _aDVD video 1 videodisc (46 min.) : sd., col. ;
_b4 3/4 in.
500 _aTitle from disc label./ Originally broadcast as a series of segments of The national magazine, c2006./ Participants: Peter Mansbridge, news anchor.
520 _aThis program explores a glaring paradox in Canada's food-obsessed culture: that knowledge of nutrition has never been better while the collective wisdom has never been worse. Profiles several families showing the real-world challenges of healthy eating. TV chef Michael Bonacini, historian Harvey Levenstein, and Foodshare director Debbie Field add commentary.
650 2 _aDiet
650 2 _aNutrition
001 data
999 _c976
_d976